[Event "Weekend Accademia Inverno"]
[Site "Roma ITA"]
[Date "2010.02.14"]
[Round "4"]
[White "Ottaviani, Gianluca"]
[Black "Pecorari, Marcello"]
[Result "1-0"]
[WhiteElo "1914"]
[BlackElo "2054"]
[PlyCount "77"]
[EventDate "2010.02.12"]

1. e4 c5 2. Nf3 d6 3. c3 Nf6 4. Be2 e6 5. O-O Be7 6. Re1 O-O 7. Bf1 b6 8. d4
Bb7 9. Bd3 cxd4 10. cxd4 Nc6 11. Nc3 Rc8 12. Bg5 h6 13. Be3 Na5 14. Nd2 Qd7 15.
Qf3 e5 16. d5 Qg4 17. Rec1 Qxf3 18. gxf3 Ba8 19. b4 Nb7 20. Ba6 Nd7 21. Nb5 f5
22. exf5 Nb8 23. Bxb7 Bxb7 24. Nxa7 Rxc1+ 25. Rxc1 Bxd5 26. Nc8 Bf6 27. Nxd6
Bxa2 28. Bxb6 Bd5 29. N2c4 Nc6 30. b5 Nd4 31. Bxd4 exd4 32. b6 d3 33. b7 d2 34.
Nxd2 Be5 35. N2e4 Bxe4 36. Nxe4 Rb8 37. Rc8+ Kf7 38. Rxb8 Bxb8 39. Nc5 1-0

[Event "Weekend Accademia Inverno"]
[Site "Roma ITA"]
[Date "2010.02.14"]
[Round "4"]
[White "Pescatore, Lorenzo"]
[Black "Baruffaldi, Giuseppe"]
[Result "0-1"]
[WhiteElo "1917"]
[BlackElo "1655"]
[PlyCount "84"]
[EventDate "2010.02.12"]

1. e4 c5 2. Nc3 Nc6 3. f4 d6 4. Nf3 e6 5. Bb5 Bd7 6. O-O a6 7. Bxc6 Bxc6 8. d3
Be7 9. Qe1 b5 10. h3 b4 11. Nd1 h6 12. Qg3 g6 13. f5 exf5 14. exf5 g5 15. h4 f6
16. Re1 Kf7 17. d4 d5 18. Qg4 h5 19. Qg3 Bd6 20. Qf2 g4 21. dxc5 Bf8 22. Nd2
Qc8 23. Nb3 Bd7 24. Rf1 a5 25. Be3 Ne7 26. Bd4 Nc6 27. c3 a4 28. Nc1 Nxd4 29.
cxd4 Bh6 30. g3 Bb5 31. Re1 Re8 32. Rxe8 Qxe8 33. Qg2 Qe1+ 34. Kh2 Qd2 35. a3
Re8 36. axb4 Qxd1 37. Nd3 Qxd3 38. Qxd5+ Kg7 39. Qb7+ Kf8 40. Qc7 Re2+ 41. Kg1
Qe3+ 42. Kh1 Qf3+ 0-1

[Event "Weekend Accademia Inverno"]
[Site "Roma ITA"]
[Date "2010.02.14"]
[Round "4"]
[White "Pica, Livia"]
[Black "Fasulo, Marco"]
[Result "1-0"]
[WhiteElo "1379"]
[BlackElo "1708"]
[PlyCount "41"]
[EventDate "2010.02.12"]

1. e4 e5 2. Nf3 d6 3. h3 Be6 4. Nc3 Qd7 5. d4 exd4 6. Nxd4 Ne7 7. Nxe6 fxe6 8.
Be2 g6 9. Bg4 Nbc6 10. Bd2 Bg7 11. Qe2 O-O 12. O-O-O a5 13. Qc4 Ne5 14. Bxe6+
Qxe6 15. Qxe6+ Kh8 16. Qxe7 Rac8 17. h4 Rxf2 18. h5 Rxg2 19. hxg6 Nxg6 20. Qe6
Rf8 21. Qh3 1-0

[Event "Weekend Accademia Inverno"]
[Site "Roma ITA"]
[Date "2010.02.14"]
[Round "4"]
[White "Proietti, Giorgio"]
[Black "Maurizio, Antonio"]
[Result "1/2-1/2"]
[WhiteElo "1910"]
[BlackElo "1449"]
[PlyCount "42"]
[EventDate "2010.02.12"]

1. d4 d5 2. Nf3 Nf6 3. c4 e6 4. Nc3 Be7 5. Bg5 O-O 6. e3 Nbd7 7. Rc1 a6 8. a3
dxc4 9. Bxc4 b5 10. Ba2 Bb7 11. b4 Bd5 12. Nxd5 exd5 13. O-O Nb6 14. Ne5 Nc4
15. Nc6 Qd6 16. Nxe7+ Qxe7 17. Bxf6 Qxf6 18. Qh5 c6 19. a4 Qe6 20. Qe2 f5 21.
Rfe1 Rae8 1/2-1/2

[Event "Weekend Accademia Inverno"]
[Site "Roma ITA"]
[Date "2010.02.14"]
[Round "4"]
[White "Shytaj, Carlo"]
[Black "Chiaretti, Roberto"]
[Result "0-1"]
[WhiteElo "2237"]
[BlackElo "2172"]
[PlyCount "68"]
[EventDate "2010.02.12"]

1. e4 c5 2. Na3 Nc6 3. Bb5 Qc7 4. c3 Nf6 5. d3 a6 6. Ba4 b5 7. Bc2 e5 8. f4 d5
9. Ne2 dxe4 10. dxe4 c4 11. fxe5 Nxe5 12. O-O Bg4 13. h3 Bc5+ 14. Kh1 Rd8 15.
Qe1 Bxe2 16. Qxe2 O-O 17. Bg5 Be7 18. Rf5 Rfe8 19. Raf1 Nfd7 20. Be3 g6 21.
R5f2 Bh4 22. g3 Bxg3 23. Rg2 Bh4 24. Nb1 Qc6 25. Bd4 Qe6 26. Rf4 Be7 27. h4 Bd6
28. h5 Qh3+ 29. Rh2 Qg3 30. Rff2 Nd3 31. Bxd3 cxd3 32. Qf1 Rxe4 33. Rhg2 Rh4+
34. Kg1 Qh3 0-1

[Event "Weekend Accademia Inverno"]
[Site "Roma ITA"]
[Date "2010.02.14"]
[Round "4"]
[White "Squicciarini, Simone"]
[Black "Iandolo, Marco"]
[Result "0-1"]
[WhiteElo "1614"]
[BlackElo "1931"]
[PlyCount "106"]
[EventDate "2010.02.12"]

1. d4 Nf6 2. Nf3 c5 3. c3 b6 4. g3 Bb7 5. Bg2 g6 6. O-O Bg7 7. Nbd2 O-O 8. dxc5
bxc5 9. Qc2 d6 10. e4 Nc6 11. Re1 Qc7 12. Nf1 a5 13. Bf4 Nh5 14. Qc1 Nxf4 15.
Qxf4 a4 16. a3 Rab8 17. Ne3 Ne5 18. Nxe5 Bxe5 19. Qg5 Bf6 20. Qh6 Bg7 21. Qg5
Bf6 22. Qh6 Bc6 23. Rab1 Bg7 24. Qg5 Bf6 25. Qh6 Bg7 26. Qg5 Rb5 27. f4 Rfb8
28. Re2 Bxc3 29. Nd5 Bxd5 30. exd5 Bf6 31. Qg4 Qc8 32. f5 Qxf5 33. Qxf5 gxf5
34. Bh3 Rxb2 35. Rexb2 Rxb2 36. Rxb2 Bxb2 37. Bxf5 Bxa3 38. Kf2 Bb2 39. Bb1 Kg7
40. Kf3 h6 41. Ke4 Kf6 42. Ba2 a3 43. Bc4 Kg5 44. h3 Be5 45. Kf3 h5 46. Bb3 Bd4
47. Ke4 Bf2 48. Kf3 Be1 49. Ba2 Kf5 50. g4+ hxg4+ 51. hxg4+ Ke5 52. Ke3 Bh4 53.
Kf3 Bg5 0-1

[Event "Weekend Accademia Inverno"]
[Site "Roma ITA"]
[Date "2010.02.14"]
[Round "4"]
[White "Stoyko, Maksym"]
[Black "Quimi, Marco"]
[Result "1-0"]
[WhiteElo "2152"]
[BlackElo "2147"]
[PlyCount "141"]
[EventDate "2010.02.12"]

1. d4 Nf6 2. c4 c6 3. Nf3 d5 4. e3 Bf5 5. Nc3 e6 6. Nh4 Bg4 7. Qb3 b6 8. h3 Bh5
9. g4 Ne4 10. Nxe4 Qxh4 11. gxh5 dxe4 12. Bd2 Nd7 13. Qa4 c5 14. Qc6 Rd8 15.
O-O-O Be7 16. h6 Qxh6 17. Qxe4 O-O 18. Rg1 Bf6 19. Be2 g6 20. Kb1 Qg7 21. Bc1
cxd4 22. exd4 e5 23. dxe5 Bxe5 24. f4 Bf6 25. Bf3 Nc5 26. Qc2 Ne6 27. Qg2 Nd4
28. Be4 Ne6 29. f5 Rxd1 30. Rxd1 Nc5 31. Bd5 Kh8 32. Qg4 Re8 33. fxg6 fxg6 34.
Qf3 Qe7 35. Rf1 Bg7 36. h4 Rf8 37. Qh3 Rxf1 38. Qxf1 Qf6 39. Qh3 Qf5+ 40. Qxf5
gxf5 41. Kc2 Bf6 42. h5 Kg7 43. Bf4 Bd4 44. b4 Nd7 45. Be6 Nf6 46. Bxf5 Nxh5
47. Bb8 a5 48. bxa5 bxa5 49. Kd3 Bb6 50. Be5+ Nf6 51. Bxh7 Kf7 52. Bf5 Ke7 53.
Bd4 Bc7 54. c5 Nd5 55. a3 Bg3 56. Kc4 Nc7 57. Bc3 a4 58. Bc2 Kd7 59. Bxa4+ Kc8
60. Bc6 Bf2 61. Be5 Ne6 62. Bd6 Nc7 63. a4 Be1 64. Bf3 Bd2 65. c6 Kb8 66. Bg4
Be1 67. Bh2 Ba5 68. Kc5 Ka7 69. Bc8 Na6+ 70. Kb5 Bc7 71. Bg1+ 1-0

[Event "Weekend Accademia Inverno"]
[Site "Roma ITA"]
[Date "2010.02.14"]
[Round "4"]
[White "Trebeschi, Andrea"]
[Black "Ingravallo, Onofrio"]
[Result "1-0"]
[WhiteElo "2039"]
[BlackElo "1812"]
[PlyCount "85"]
[EventDate "2010.02.12"]

1. e4 e6 2. Qe2 b6 3. Nf3 Ba6 4. d3 Ne7 5. g3 d5 6. e5 c5 7. Bg2 Nbc6 8. O-O
Qc7 9. a4 Nf5 10. c3 c4 11. d4 Na5 12. Bf4 Ne7 13. Nbd2 Ng6 14. Be3 Bb7 15. h4
h5 16. Ng5 Be7 17. Bf3 Nf8 18. Bxh5 g6 19. Bf3 Nh7 20. Kg2 Nxg5 21. Bxg5 Bxg5
22. hxg5 O-O-O 23. Rh1 Qd7 24. Rh6 Bc6 25. Rah1 Rhf8 26. Rh7 Bxa4 27. Bg4 Kb8
28. Qf3 Bc2 29. Qf4 Bd3 30. Rg7 Rc8 31. Rhh7 Rc7 32. Qf6 Nc6 33. Bxe6 Qxe6 34.
Qxe6 fxe6 35. Rxc7 Nd8 36. Rxa7 Bc2 37. Rad7 b5 38. f4 Re8 39. Nf3 Be4 40. Kf2
b4 41. Nh4 bxc3 42. bxc3 Bc2 43. Rdg7 1-0

[Event "Weekend Accademia Inverno"]
[Site "Roma ITA"]
[Date "2010.02.14"]
[Round "4"]
[White "Vuelban, Virgilio"]
[Black "Failli, Riccardo"]
[Result "1-0"]
[WhiteElo "2353"]
[BlackElo "2040"]
[PlyCount "85"]
[EventDate "2010.02.12"]

1. e4 e5 2. Nf3 Nc6 3. Bb5 Nge7 4. c3 d6 5. d4 Bd7 6. O-O Ng6 7. Be3 Be7 8.
Nbd2 O-O 9. Re1 Re8 10. a4 Bf6 11. d5 Nb8 12. Qb3 b6 13. a5 Bxb5 14. axb6 cxb6
15. Qxb5 Qd7 16. Qxd7 Nxd7 17. Nc4 Be7 18. Ra6 Nb8 19. Ra2 Nd7 20. Rea1 b5 21.
Rxa7 Rxa7 22. Rxa7 bxc4 23. Rxd7 Rb8 24. Rc7 Rxb2 25. g3 Bf8 26. Rxc4 h6 27. g4
Ne7 28. Rc7 Ng6 29. c4 Rc2 30. h4 Re2 31. Kf1 Rc2 32. h5 Ne7 33. Nxe5 f5 34.
Ng6 Nxg6 35. hxg6 fxe4 36. Rc8 Rc3 37. Kg2 Rd3 38. Kg3 Rd1 39. Kf4 h5 40. gxh5
Rh1 41. Kxe4 Rh4+ 42. Bf4 Rxh5 43. Bxd6 1-0

[Event "Weekend Accademia Inverno"]
[Site "Roma ITA"]
[Date "2010.02.14"]
[Round "4"]
[White "Wollenweber, Carsten"]
[Black "Corvi, Marco"]
[Result "0-1"]
[WhiteElo "2131"]
[BlackElo "2279"]
[PlyCount "70"]
[EventDate "2010.02.12"]

1. e4 Nf6 2. e5 Nd5 3. d4 d6 4. Nf3 dxe5 5. dxe5 Bg4 6. h3 Bxf3 7. gxf3 e6 8.
Rg1 Nc6 9. f4 Bc5 10. c3 g6 11. Qf3 Qh4 12. Nd2 f5 13. Nb3 Bb6 14. Rg3 a5 15.
Bb5 a4 16. Nd4 Bxd4 17. cxd4 Kf7 18. Be3 Nce7 19. a3 Rhd8 20. Rc1 c6 21. Bc4
Rd7 22. Kf1 Rb8 23. Rg1 b5 24. Bxd5 Rxd5 25. Kg2 Rbd8 26. Rgd1 Rb8 27. Rd3 Qh6
28. Rdc3 Qh5 29. Qxh5 gxh5 30. Kg3 Rg8+ 31. Kh4 Rdd8 32. Rd1 Rg2 33. Rcc1 Rdg8
34. Rh1 R8g6 35. f3 Rh6 0-1

[Event "Weekend Accademia Inverno"]
[Site "Roma ITA"]
[Date "2010.02.14"]
[Round "5"]
[White "Angelastro, Ariel Francisc"]
[Black "De Santis, Emilio"]
[Result "0-1"]
[WhiteElo "1419"]
[BlackElo "1897"]
[PlyCount "66"]
[EventDate "2010.02.12"]

1. d4 d5 2. c4 c6 3. Nc3 Nf6 4. e3 g6 5. Nf3 Bg7 6. Bd3 dxc4 7. Bxc4 O-O 8. O-O
Bf5 9. Nh4 Bg4 10. f3 Bc8 11. e4 Qb6 12. Na4 Qc7 13. Bb3 Rd8 14. e5 Nd5 15. f4
b5 16. Nc3 Nxc3 17. bxc3 c5 18. d5 c4 19. Bc2 Bb7 20. Nf3 Bxd5 21. Qe2 Nd7 22.
Nd4 a6 23. Ba3 Re8 24. Rfe1 Nc5 25. Rad1 Ne6 26. g3 Qb6 27. Kf1 a5 28. Rb1 Nxd4
29. cxd4 b4 30. Be4 Qxd4 31. Bxd5 Qxd5 32. Red1 Qh1+ 33. Kf2 Qxh2+ 0-1

[Event "Weekend Accademia Inverno"]
[Site "Roma ITA"]
[Date "2010.02.14"]
[Round "5"]
[White "Antonetti, Mattia"]
[Black "Biondi, Massimo"]
[Result "1-0"]
[WhiteElo "1622"]
[BlackElo "1924"]
[PlyCount "99"]
[EventDate "2010.02.12"]

1. d4 Nf6 2. Bg5 e6 3. c3 Be7 4. Nf3 O-O 5. Nbd2 d5 6. Bxf6 Bxf6 7. e4 dxe4 8.
Nxe4 b6 9. Qc2 Bb7 10. Bd3 h6 11. Nxf6+ Qxf6 12. Be4 c6 13. Ne5 Qe7 14. h4 Rc8
15. Bh7+ Kf8 16. Bg6 f6 17. Nf7 c5 18. Bh5 f5 19. O-O-O cxd4 20. Rxd4 Qf6 21.
Rhd1 Nc6 22. Rd7 Nb4 23. Qb3 Nd5 24. Nd6 g6 25. Bf3 Bc6 26. Rf7+ Qxf7 27. Nxf7
Kxf7 28. Kb1 Rd8 29. c4 Ne7 30. Rxd8 Rxd8 31. Bxc6 Nxc6 32. Kc1 Nd4 33. Qd3 Kg7
34. b3 Rd7 35. Kb2 h5 36. Kc3 Kf6 37. Qxd4+ Rxd4 38. Kxd4 e5+ 39. Kd5 e4 40. b4
Ke7 41. a4 Kd7 42. g3 Ke7 43. Ke5 Kf7 44. Kd5 g5 45. hxg5 Kg6 46. c5 Kxg5 47.
c6 f4 48. Kxe4 fxg3 49. fxg3 Kg4 50. c7 1-0

[Event "Weekend Accademia Inverno"]
[Site "Roma ITA"]
[Date "2010.02.14"]
[Round "5"]
[White "Baruffaldi, Giuseppe"]
[Black "Wollenweber, Carsten"]
[Result "0-1"]
[WhiteElo "1655"]
[BlackElo "2131"]
[PlyCount "86"]
[EventDate "2010.02.12"]

1. Nf3 b5 2. g3 Bb7 3. Bg2 e5 4. d3 Bc5 5. O-O d6 6. c3 Bc6 7. Qb3 Qd7 8. Be3
Bxe3 9. fxe3 Nf6 10. e4 Na6 11. Qd1 Nc5 12. b3 Ne6 13. Na3 Qe7 14. Nc2 Bd7 15.
Ne3 h6 16. Nh4 Ng5 17. Nhf5 Qf8 18. h4 Ne6 19. Nd5 Ng4 20. Nde3 Nxe3 21. Nxe3
Nd8 22. c4 bxc4 23. bxc4 c6 24. Rb1 g6 25. Qd2 Qe7 26. Rf2 h5 27. Rbf1 Rb8 28.
Rf6 Be6 29. Kh2 Rb6 30. R6f2 Qb7 31. Rc1 Rb2 32. Rc2 Rxc2 33. Qxc2 Qb6 34. Nd1
Bg4 35. Bf3 Ne6 36. e3 Bxf3 37. Rxf3 O-O 38. Qf2 Qb1 39. Qd2 Nc5 40. Nf2 Rb8
41. Qa5 Nxd3 42. Qc7 Rf8 43. Qxc6 Qxa2 0-1

[Event "Weekend Accademia Inverno"]
[Site "Roma ITA"]
[Date "2010.02.14"]
[Round "5"]
[White "Di Carlo, Adriano"]
[Black "Musmarra, Giovanni"]
[Result "0-1"]
[WhiteElo "1383"]
[BlackElo "1735"]
[PlyCount "93"]
[EventDate "2010.02.12"]

1. d4 d5 2. c4 e6 3. Nc3 Nf6 4. Nf3 Be7 5. e3 O-O 6. Bd3 dxc4 7. Bxc4 c5 8. O-O
b6 9. d5 exd5 10. Nxd5 Bb7 11. e4 Nxd5 12. Bxd5 Bxd5 13. Qxd5 Qxd5 14. exd5 Rd8
15. Re1 Bf6 16. Bg5 Na6 17. Rad1 Nb4 18. d6 Rd7 19. Bxf6 gxf6 20. Re7 Rad8 21.
Rxd7 Rxd7 22. a3 Nc6 23. Kf1 Ne5 24. Nh4 Nc4 25. Nf5 Nxb2 26. Re1 Kf8 27. Re7
Rxe7 28. dxe7+ Ke8 29. Ke2 Nc4 30. a4 Ne5 31. Nd6+ Kxe7 32. Nc8+ Ke6 33. Nxa7
Kd5 34. Nb5 Kc4 35. f4 Ng6 36. f5 Ne5 37. Kd2 Kb4 38. Nc3 Nc4+ 39. Kc2 Ne3+ 40.
Kd2 Nxf5 41. Nd5+ Kxa4 42. Nxb6+ Kb3 43. Nd5 Kb2 44. Kd3 Nd6 45. Ke3 c4 46. Kd4
Kb3 47. Ne3 0-1

[Event "Weekend Accademia Inverno"]
[Site "Roma ITA"]
[Date "2010.02.14"]
[Round "5"]
[White "Di Giulio, Michele"]
[Black "Guiducci, Antonio"]
[Result "0-1"]
[WhiteElo "1674"]
[BlackElo "1335"]
[PlyCount "100"]
[EventDate "2010.02.12"]

1. e4 c6 2. d4 d5 3. e5 Bf5 4. Nf3 e6 5. Be2 Nd7 6. O-O Qb6 7. Nh4 Bg6 8. Nxg6
hxg6 9. c3 Nh6 10. Qc2 Nf5 11. Nd2 c5 12. Qb3 cxd4 13. Qxb6 Nxb6 14. cxd4 Nxd4
15. Bd1 Bc5 16. Nb3 Nxb3 17. Bxb3 Rh5 18. Re1 Bd4 19. Be3 Bxe5 20. g3 Bxb2 21.
Rab1 Ba3 22. Rbd1 Kf8 23. Bxb6 axb6 24. g4 Rh4 25. f3 Bd6 26. Re2 f6 27. Rc1
Bc5+ 28. Kg2 Kf7 29. h3 Rah8 30. Rh1 f5 31. Rd2 Rd8 32. Rhd1 Rdh8 33. Rh1 Kf6
34. Re2 e5 35. Bxd5 Bd4 36. Bxb7 Rb8 37. Bd5 Rhh8 38. Rc2 Rhc8 39. Rhc1 Rc5 40.
Kf1 Rxd5 41. Rc6+ Kg5 42. Kg2 Rc5 43. h4+ Kf4 44. R1xc5 bxc5 45. Rxg6 Rb2+ 46.
Kf1 Kxf3 47. Ke1 fxg4 48. Rxg7 e4 49. Rf7+ Ke3 50. Kf1 Rxa2 0-1

[Event "Weekend Accademia Inverno"]
[Site "Roma ITA"]
[Date "2010.02.14"]
[Round "5"]
[White "Di Tucci, Benedetto"]
[Black "Pica, Livia"]
[Result "1-0"]
[WhiteElo "1826"]
[BlackElo "1379"]
[PlyCount "103"]
[EventDate "2010.02.12"]

1. d4 d5 2. c4 c6 3. Nc3 dxc4 4. a4 Nf6 5. e3 Bf5 6. Nf3 Nbd7 7. Bxc4 e6 8. O-O
Bd6 9. Qe2 Ne4 10. Nxe4 Bxe4 11. Nd2 Nf6 12. f3 Bg6 13. e4 e5 14. Nb3 O-O 15.
Rd1 Qe7 16. Be3 Nh5 17. g3 Kh8 18. Rf1 Nf6 19. Qf2 b6 20. a5 b5 21. Bd3 a6 22.
dxe5 Bxe5 23. Qc2 Rfc8 24. Nc5 Nh5 25. f4 Bc7 26. Bd2 h6 27. Be2 Bb8 28. f5 Ba7
29. b4 Bh7 30. Bxh5 Rd8 31. Rad1 Rd4 32. Be2 Rxe4 33. Bd3 Re5 34. Rde1 Bxc5+
35. bxc5 Qxc5+ 36. Qxc5 Rxc5 37. Bb4 Rd5 38. Be4 Rd4 39. Bc5 Rc4 40. Bb6 Rc3
41. Rc1 Rc4 42. Rxc4 bxc4 43. Rc1 Re8 44. Rxc4 Re5 45. Bxc6 Re1+ 46. Kf2 Rd1
47. g4 Rd2+ 48. Kg3 Rd3+ 49. Bf3 g5 50. Rc8+ Kg7 51. Rd8 Rc3 52. Bd4+ 1-0

[Event "Weekend Accademia Inverno"]
[Site "Roma ITA"]
[Date "2010.02.14"]
[Round "5"]
[White "Failli, Riccardo"]
[Black "Granitto, Francesco"]
[Result "1-0"]
[WhiteElo "2040"]
[BlackElo "1425"]
[PlyCount "74"]
[EventDate "2010.02.12"]

1. e4 c5 2. Nf3 Nc6 3. d4 cxd4 4. Nxd4 g6 5. Be3 Bg7 6. Nc3 Nf6 7. Be2 O-O 8.
Nb3 d6 9. O-O Ne5 10. Rb1 Be6 11. f4 Neg4 12. Bd4 h5 13. Kh1 a6 14. h3 Nh6 15.
Bf3 Ne8 16. Bxg7 Kxg7 17. f5 gxf5 18. Bxh5 Nf6 19. Nd4 Qd7 20. Qf3 f4 21. Nd5
Nxd5 22. exd5 Bf5 23. Qxf4 Bxh3 24. Qg3+ Bg4 25. Rf4 Rh8 26. Ne6+ fxe6 27.
Rxg4+ Nxg4 28. Qxg4+ Kf6 29. Rf1+ Ke5 30. Qg5+ Kd4 31. Rf4+ Kc5 32. dxe6+ Kc6
33. Rc4+ Kb6 34. exd7 Rh7 35. Rc8 Rh8 36. Qe3+ Ka5 37. Qc3+ Kb6 1-0

[Event "Weekend Accademia Inverno"]
[Site "Roma ITA"]
[Date "2010.02.14"]
[Round "5"]
[White "Fasulo, Marco"]
[Black "Pipitone, Filippo Massimo"]
[Result "0-1"]
[WhiteElo "1708"]
[BlackElo "1501"]
[PlyCount "84"]
[EventDate "2010.02.12"]

1. e4 c5 2. Nf3 Nc6 3. Bc4 e6 4. c3 d5 5. exd5 exd5 6. Bb3 Nf6 7. O-O Be7 8.
Re1 O-O 9. d4 cxd4 10. cxd4 Bg4 11. h3 Bh5 12. Nc3 Bb4 13. g4 Bg6 14. Bg5 Bxc3
15. bxc3 Qa5 16. Bxf6 gxf6 17. Rc1 Rac8 18. Nh4 Rfe8 19. f4 Be4 20. Rxe4 dxe4
21. Nf5 Qc7 22. Qf1 Kh8 23. h4 Nb4 24. Nh6 Re7 25. Nf5 Rd7 26. g5 Nd3 27. Rc2
Qxf4 28. Qxf4 Nxf4 29. gxf6 Rxc3 30. Rxc3 Ne2+ 31. Kf1 Nxc3 32. Nh6 Nd5 33. a4
Nxf6 34. Nxf7+ Kg7 35. Ng5 Kg6 36. Kg2 Rxd4 37. Bf7+ Kf5 38. Kf2 Rxa4 39. Ke3
Ra6 40. Kd4 h6 41. Nh3 Rd6+ 42. Kc5 Ke5 0-1

[Event "Weekend Accademia Inverno"]
[Site "Roma ITA"]
[Date "2010.02.14"]
[Round "5"]
[White "Iandolo, Marco"]
[Black "Battistelli, Alessandro"]
[Result "1-0"]
[WhiteElo "1931"]
[BlackElo "1923"]
[PlyCount "107"]
[EventDate "2010.02.12"]

1. Nf3 Nf6 2. g3 b6 3. Bg2 Bb7 4. O-O e6 5. c4 Be7 6. b3 O-O 7. Bb2 d5 8. Nc3
c5 9. cxd5 exd5 10. d4 Nc6 11. e3 cxd4 12. Nxd4 Nxd4 13. Qxd4 Qd7 14. Rfd1 Rfd8
15. Rd2 Bc5 16. Qf4 Qd6 17. Qxd6 Rxd6 18. Nb5 Rd7 19. Bxf6 gxf6 20. Rad1 a6 21.
Nd4 Bb4 22. Rc2 a5 23. Bh3 Rdd8 24. Rc7 Bc8 25. Bg2 Be6 26. a4 Rac8 27. Rdc1
Bc5 28. Rxc8 Rxc8 29. Ne2 Rd8 30. Nd4 Kg7 31. Kf1 Kg6 32. Bf3 Bc8 33. Nc6 Rd7
34. Rd1 Ba6+ 35. Kg2 Rd6 36. Ne7+ Kg5 37. h4+ Kh6 38. Nf5+ Kg6 39. Nxd6 Bxd6
40. Bxd5 Bb4 41. Bc4 Bb7+ 42. Kf1 Bc6 43. Rd8 Kg7 44. Rc8 Bd7 45. Rc7 Be8 46.
Ke2 Kg6 47. Rb7 Bc5 48. Rb8 Bd7 49. Rg8+ Kf5 50. Bxf7 b5 51. axb5 Bxb5+ 52. Bc4
Bxc4+ 53. bxc4 a4 54. Ra8 1-0

[Event "Weekend Accademia Inverno"]
[Site "Roma ITA"]
[Date "2010.02.14"]
[Round "5"]
[White "Ingravallo, Onofrio"]
[Black "Lami, Damiano"]
[Result "1-0"]
[WhiteElo "1812"]
[BlackElo "1479"]
[PlyCount "60"]
[EventDate "2010.02.12"]

1. e4 e5 2. Nf3 Nc6 3. Bc4 Bc5 4. c3 Nf6 5. d3 d6 6. Bb3 O-O 7. h3 h6 8. O-O
Re8 9. Re1 Be6 10. Bc2 Ne7 11. b4 Bb6 12. d4 exd4 13. cxd4 a5 14. b5 c6 15.
bxc6 bxc6 16. Ba4 Bd7 17. Bf4 Ng6 18. Bxd6 Nxe4 19. Ba3 Nf6 20. Nc3 Ne7 21. Rb1
Ned5 22. Nxd5 Nxd5 23. Qd2 Qf6 24. Ne5 Rad8 25. Nxd7 Rxe1+ 26. Qxe1 Qxd4 27.
Bxc6 Nb4 28. Bxb4 axb4 29. Rxb4 Ba5 30. Rxd4 Bxe1 1-0

[Event "Weekend Accademia Inverno"]
[Site "Roma ITA"]
[Date "2010.02.14"]
[Round "5"]
[White "Milani, Patrizia"]
[Black "Proietti, Giorgio"]
[Result "0-1"]
[WhiteElo "1407"]
[BlackElo "1910"]
[PlyCount "88"]
[EventDate "2010.02.12"]

1. e4 e6 2. d4 d5 3. e5 c5 4. c3 Nc6 5. Bb5 Bd7 6. Nf3 Nxe5 7. Bxd7+ Nxd7 8.
O-O Ngf6 9. Re1 Be7 10. Nbd2 O-O 11. Nb3 cxd4 12. cxd4 Rc8 13. Qe2 Qb6 14. h3
Bb4 15. Rd1 Ne4 16. Be3 Rc7 17. Bf4 Bd6 18. Be3 Rfc8 19. Rdc1 a5 20. Rxc7 Rxc7
21. Nfd2 Ndf6 22. Nxe4 Nxe4 23. Nc1 Qc6 24. Kf1 Qc4 25. Nd3 Qc2 26. Qxc2 Rxc2
27. Rc1 Rxc1+ 28. Nxc1 Kf8 29. Nd3 Ke7 30. Ke2 f6 31. Kd1 Kd7 32. Kc2 b6 33.
Kb3 Kc6 34. a4 e5 35. Kc2 exd4 36. Bxd4 Bc5 37. Nxc5 bxc5 38. Be3 d4 39. Bd2
Nxd2 40. Kxd2 c4 41. Kc2 Kc5 42. b3 c3 43. g4 g5 44. Kd3 Kb4 0-1

[Event "Weekend Accademia Inverno"]
[Site "Roma ITA"]
[Date "2010.02.14"]
[Round "5"]
[White "Ottaviani, Gianluca"]
[Black "Bonaposta, Fabrizio"]
[Result "0-1"]
[WhiteElo "1914"]
[BlackElo "2047"]
[PlyCount "80"]
[EventDate "2010.02.12"]

1. e4 c5 2. Nf3 Nc6 3. d4 cxd4 4. Nxd4 e6 5. Nb5 d6 6. c4 Nf6 7. N1c3 a6 8. Na3
Be7 9. Be2 O-O 10. Be3 Ne5 11. O-O b6 12. f3 Bb7 13. Qd2 Qc7 14. Rfd1 Rfd8 15.
Rac1 Rac8 16. Bf1 Bf8 17. Qf2 Ned7 18. Nc2 Re8 19. Rd2 Qb8 20. Rcd1 Ne5 21. Na3
d5 22. exd5 Neg4 23. fxg4 Nxg4 24. Qh4 Nxe3 25. Bd3 g6 26. Ne4 Bg7 27. Ng5 h6
28. Nxf7 Kxf7 29. Bxg6+ Kxg6 30. Qe4+ Nf5 31. g4 Qe5 32. gxf5+ exf5 33. Rg2+
Kh7 34. Qh4 Qf6 35. Qg3 Re4 36. h3 Rce8 37. Rf1 Re3 38. Qf4 Rxh3 39. Qxf5+ Qxf5
40. Rxf5 Bd4+ 0-1

[Event "Weekend Accademia Inverno"]
[Site "Roma ITA"]
[Date "2010.02.14"]
[Round "5"]
[White "Pecorari, Marcello"]
[Black "Bolla, Vittorio"]
[Result "1-0"]
[WhiteElo "2054"]
[BlackElo "1786"]
[PlyCount "105"]
[EventDate "2010.02.12"]

1. e4 e6 2. d4 d5 3. exd5 exd5 4. c4 Nf6 5. Nc3 Bb4 6. Nf3 O-O 7. Bd3 dxc4 8.
Bxc4 Re8+ 9. Be3 Bg4 10. Qb3 Bxc3+ 11. bxc3 Be6 12. Bxe6 Rxe6 13. Ng5 Re7 14.
Qxb7 Nbd7 15. O-O Rb8 16. Qf3 h6 17. Nh3 Nb6 18. Bxh6 Qd6 19. Bg5 Nc4 20. Bxf6
Qxf6 21. Qxf6 gxf6 22. Nf4 c6 23. Rab1 Rbe8 24. Rbd1 Nb2 25. Rd2 Nc4 26. Rd3
Re4 27. Nh5 R8e6 28. h3 f5 29. Ng3 Rf4 30. Rb1 Kh7 31. f3 Nb6 32. Kf2 Kg6 33.
Ne2 Rh4 34. g3 Rxe2+ 35. Kxe2 Rxh3 36. Rf1 Rxg3 37. Kf2 Rh3 38. Rg1+ Kf6 39. c4
f4 40. d5 cxd5 41. cxd5 Nc4 42. d6 Ne5 43. Rc3 Ke6 44. Rd1 Nd7 45. Rc4 Rh2+ 46.
Kg1 Rxa2 47. Rxf4 Ra6 48. Re4+ Kf6 49. Kg2 Rb6 50. Rd5 Rb7 51. Re7 a6 52. Kg3
Kg7 53. Rf5 1-0

[Event "Weekend Accademia Inverno"]
[Site "Roma ITA"]
[Date "2010.02.14"]
[Round "5"]
[White "Petragnani, Alessandro"]
[Black "Condemi De Felice, Alfonso"]
[Result "1-0"]
[WhiteElo "1732"]
[BlackElo "1916"]
[PlyCount "71"]
[EventDate "2010.02.12"]

1. c4 g6 2. g3 Bg7 3. Bg2 d6 4. Nc3 Nf6 5. d3 O-O 6. Rb1 a5 7. e3 e5 8. Nge2 c6
9. O-O Na6 10. b3 Re8 11. Bb2 Nc7 12. d4 e4 13. d5 c5 14. Qc2 Bg4 15. h3 Bf3
16. Kh2 g5 17. a3 h5 18. Ng1 g4 19. h4 Qe7 20. Nge2 Kh7 21. Ba1 Rh8 22. b4 axb4
23. axb4 Nd7 24. Nf4 f5 25. Na4 Bxa1 26. Rxa1 Bxg2 27. Kxg2 Kh6 28. bxc5 Nxc5
29. Nxc5 dxc5 30. Qb2 Na6 31. Qb6+ Kh7 32. Ng6 Qd8 33. Qxb7+ Kxg6 34. Rxa6+
Rxa6 35. Qxa6+ Qf6 36. Ra1 1-0

[Event "Weekend Accademia Inverno"]
[Site "Roma ITA"]
[Date "2010.02.14"]
[Round "5"]
[White "Prudenzano, Ruggero"]
[Black "Shytaj, Carlo"]
[Result "0-1"]
[WhiteElo "1927"]
[BlackElo "2237"]
[PlyCount "62"]
[EventDate "2010.02.12"]

1. Nf3 Nf6 2. c4 c5 3. Nc3 g6 4. e3 Bg7 5. Qc2 O-O 6. b3 b6 7. Bb2 Bb7 8. Be2
e5 9. e4 Nc6 10. d3 d6 11. O-O Ne8 12. Nd2 f5 13. f4 exf4 14. exf5 Nd4 15. Qd1
Nxf5 16. Rxf4 Bd4+ 17. Rxd4 Nxd4 18. Nde4 Nf6 19. Bf3 Nxf3+ 20. gxf3 Nxe4 21.
Nxe4 d5 22. cxd5 Bxd5 23. Qe2 Qh4 24. Rf1 Rad8 25. Ba1 Bxe4 26. dxe4 Qg5+ 27.
Kh1 Rd2 28. Qc4+ Rf7 29. Rg1 Qh4 30. Rg2 Qe1+ 31. Rg1 Qf2 0-1

[Event "Weekend Accademia Inverno"]
[Site "Roma ITA"]
[Date "2010.02.14"]
[Round "5"]
[White "Quimi, Marco"]
[Black "Trebeschi, Andrea"]
[Result "1-0"]
[WhiteElo "2147"]
[BlackElo "2039"]
[PlyCount "51"]
[EventDate "2010.02.12"]

1. d4 d6 2. Nf3 Nf6 3. h3 g6 4. Bf4 Bg7 5. Nbd2 O-O 6. e3 b6 7. Bc4 Bb7 8. O-O
Nbd7 9. c3 Qe8 10. Qb3 h6 11. Rfd1 e6 12. a4 a6 13. Bh2 Qe7 14. Qc2 Rfe8 15.
Bb3 e5 16. dxe5 dxe5 17. Qxg6 Nc5 18. Qc2 Nxb3 19. Qxb3 Rad8 20. Nxe5 Ne4 21.
Nxe4 Bxe5 22. Bxe5 Qxe5 23. Ng3 Bd5 24. Qb4 c5 25. Qxb6 Rb8 26. Qxc5 1-0